| 000 | 00591nam a2200217Ia 4500 | ||
|---|---|---|---|
| 005 | 20241129104203.0 | ||
| 008 | 241129s9999||||xx |||||||||||||| ||und|| | ||
| 020 | _a9780745341125 | ||
| 037 | _aTextual | ||
| 040 |
_aRTL _beng _cRTL |
||
| 041 |
_aeng _2eng |
||
| 084 |
_aY15 R1 _qRTL |
||
| 100 |
_aVerges Francoise _9725150 |
||
| 245 | 0 |
_aDecolonial feminism _cVerges Francoise |
|
| 260 |
_aNew York _bPluto Press _c2021 |
||
| 300 | _axvii,110p. | ||
| 365 |
_aINR _b1311.99 |
||
| 650 |
_aDecolonial Feminism _9725151 |
||
| 942 |
_cTB _hY15 R1 |
||
| 999 |
_c1224789 _d1224789 |
||